92 Babynamen der Woche 37/25' - Statistiken

Allgemein
  • Dieses Quiz wurde 6 mal gespielt
  • Das Durchschnittsergebnis liegt bei 42 aus 92
Antwortstatistiken
📍 Vorname % Korrekt
An.a ♀️ Anna
100%
A.v.d ♂️ Arvid
100%
Di.t.r ♂️ Dieter
100%
E.k ♂️ Eik
100%
El.s.b..h ♀️ Elizabeth
100%
El.a ♀️ Ella
100%
E.r.q.e ♂️ Enrique
100%
E.a ♀️ Eva
100%
Ja.k ♂️ Jack
100%
J.k.b ♂️ Jakob
100%
J.n.t..n ♂️ Jonathan
100%
J.s..h | J.s.f ♂️ Joseph | Josef
100%
Ka.l ♂️ Karl
100%
M.r.a ♀️ Maria
100%
Mi.a ♀️ Mira
100%
A.b..t ♂️ Albert
75%
C.m.r.n ♂️ Cameron
75%
Em.l ♂️ Emil
75%
H.l.y ♀️ Holly
75%
I.a ♀️ Ida
75%
J.s.n ♂️ Jason
75%
J.l.e ♀️ Julie
75%
Li.a ♀️ Lina
75%
L.r..z ♂️ Lorenz
75%
Lu.a ♂️ Luca
75%
L.c.s ♂️ Lucas
75%
Ma.d.l..a ♀️ Magdalena
75%
M.r.a..e ♀️ Marianne
75%
M.t..l.a ♀️ Mathilda
75%
M.x.m.l..n ♂️ Maximilian
75%
N.k.l.i ♂️ Nikolai
75%
O.e ♂️ Ole
75%
Ph.n.x ♂️ Phinix
75%
Th.m.s ♂️ Thomas
75%
Ti.l ♂️ Till
75%
Al.s..o ♂️ Alessio
50%
A.g.s.e ♀️ Auguste
50%
C.r.o ♂️ Carlo
50%
C.a.a ♀️ Clara
50%
Co.s.a.t.n ♂️ Constantin
50%
E.i.s ♂️ Elias
50%
H.l..e ♀️ Helene
50%
Il.y ♀️ Ilvy
50%
J.l..e ♀️ Joline
50%
Le.n ♂️ Leon
50%
Ma.t.n ♂️ Marten
50%
M.o ♂️ Meo
50%
S.o.t ♂️ Scott
50%
Se.n ♂️ Sean
50%
V.l.r.a ♀️ Valeria
50%
Vi.t.r.a ♀️ Victoria
50%
Al.o.a ♀️ Aliona
25%
An.e ♂️ Ante
25%
A.r.l..n ♂️ Aurelian
25%
B.l.e ♂️ Bolle
25%
C.l..h.n ♂️ Callahan
25%
J.s.n ♂️ Jasin
25%
J.s..a ♂️ Joshua
25%
L.a.o ♂️ Leano
25%
L.j.n ♂️ Lejan
25%
Li.v ♂️ Liev
25%
L.r.a..e ♀️ Lorraine
25%
L.i.e ♀️ Luise
25%
Lu.a ♀️ Luna
25%
M.l..o ♂️ Malino
25%
R.c..e ♂️ Richie
25%
T.e.s ♀️ Thees
25%
Ai.h.a ♀️ Ainhoa
0%
Ar.o ♂️ Arto
0%
Da.y ♂️ Davy
0%
D.l.g.t ♀️ Delight
0%
Di.j.n ♂️ Diljan
0%
Dr.n ♂️ Dren
0%
F.n.a ♀️ Fenna
0%
F.n.o ♂️ Fenno
0%
Ho.e ♀️ Hope
0%
I.r.s ♀️ Idris
0%
J.y.n ♂️ Jiyan
0%
K.e..a ♀️ Kiesha
0%
K.r.y ♂️ Koray
0%
L.r..a ♀️ Lirona
0%
M.r.c ♂️ Mirac
0%
M.r.n ♂️ Miran
0%
Na.h ♂️ Nash
0%
Ne.i.a ♀️ Neyila
0%
P.l.n ♂️ Polin
0%
S.n..a ♀️ Sonora
0%
T.m..a ♀️ Tamika
0%
Th.k.a ♂️ Thekla
0%
Tr.n.d.d ♂️ Trinidad
0%
T.r.n ♂️ Turan
0%
Yu.a ♀️ Yuna
0%
Keine übereinstimmenden Quizze gefunden
Verteilung der Resultate
Anzahl Personen mit jedem Resultat
Perzentil nach korrekt beantworteten Fragen
Ihre Resultats-Entwicklung
Sie haben dieses Quiz noch nicht gespielt